00882 a2200181 45000010006000000050017000060080041000230030015000640400040000790800056001192450036001752500012002112640057002233000019002805050372002990410008006711000021006793357220260407155627.0260407a1973 arg spa dAR-UNSa-BCEJYS aAR-UNSa-BCEJYSbspacAR-UNSa-BCEJYS a658.310.8xGestión y administración de personal10aEmpleo y desarrollo de personal a2a. ed. 1aBuenos Aires :bEdiciones Contabilidad Modernac1973 a277 p.c22 cm. a1. Definición - 2. Iniciación del proceso - 3. Medios de contacto - 4. Medios de selección (I) - 5. Medios de selección (II) - 6. Errores, elección e ingreso - 7. "Empleos" em la empresa - 8. Planeamiento del desarrollo - 9. Inventario de personal - 10. Evaluación de desempeño(I) - 11. Evaluación de desempeño (II) - 12. Dinámica del planeamiento aspa1 aMaristany, Jaime